A carregar...

Molecular evolution : a statistical approach

Detalhes bibliográficos
Autor principal: Yang,Ziheng
Formato: Printed Book
Publicado em: Oxford University Press 2014
Assuntos:
LEADER 00509nam a2200193 4500
020
082 |a 572.8 YAN-M 
100 |a Yang,Ziheng 
245 |a Molecular evolution : a statistical approach 
250
260 |a Oxford University Press  |c 2014 
300
490
500
590
650 |a molecular evolution--statistical methods 
942 |c BK 
999 |c 92603  |d 92603 
952 |0 0  |1 0  |4 0  |6 572_800000000000000_YANM  |7 0  |9 106071  |a ZGY  |b ZGY  |l 0  |o 572.8 YAN-M  |p ZGY05138  |r 2019-09-25  |w 2019-09-25  |y BK